000 00736nam a2200229 4500
003 DO-SdBNP
005 20250612134146.0
008 161205b1990 pr||| |||| 00| 0 spa d
020 _a8449907519
040 _aBPMSU
_bspa
_cBPMSU
082 4 _aPR863.6
_bF866b 1990
_222
100 1 _aFreire de Matos, Isabel
245 1 3 _aLa brujita encantada y otros cuentos /
_cIsabel Freire de Matos
250 _a2 da. ed.
260 _aSan Juan, Puerto Rico :
_bInstituto de Cultura Puertorriqueña
_c1990
300 _a66 p. :
_c26 cm
590 _aInventariado, 2025/VM
650 4 _aCuentos infantiles puertorriqueños
650 4 _aLiteratura infantil puertorriqueña
910 _aVMateo V. Control de calidad. BPMSU
942 _2ddc
_cBK
999 _c12265
_d12265